[Event "Tournoi n27359"]
[Site "www.echecsemail.com"]
[Date "2026.01.05"]
[Round "1"]
[White "Onetwoyve"]
[Black "Tiounet"]
[WhiteElo "1870"]
[BlackElo "1690"]
[Result "1-0"]
1.e4 a6
2.d4 b5
3.c3 Bc8b7
4.Bf1d3 Ng8f6
5.Qd1e2 g6
6.h3 Bf8g7
7.Ng1f3 O-O
8.O-O d6
9.Bc1f4 Nb8d7
10.Qe2e3 Rf8e8
11.Nb1d2 c5
12.Ra1d1 cxd4
13.cxd4 Nd7b6
14.b3 Ra8c8
15.g4 Rc8c7
16.Rd1c1 Qd8b8
17.d5 Re8c8
18.Rc1xc7 Rc8xc7
19.e5 dxe5
20.Bf4xe5 Qb8c8
21.Be5xc7 Qc8xc7
22.d6 Qc7xd6
23.Rf1c1 Nb6d5
24.Qe3a7 Bb7c6
25.Qa7xa6 Nd5b4
26.Qa6c8 Bc6e8
27.Bd3xb5 Bg7f8
28.Bb5xe8 Nf6xe8
29.Qc8a8 Qd6d7
30.Rc1c8 Ne8c7
31.Rc8xf8 Kg7
32.Rf8g8 Kf6
33.g5 Ke6
34.Qa8e4 { abandon }1-0

[Event "Eq:Les Rois du Succes-Vikings :"]
[Site "www.echecsemail.com"]
[Date "2026.01.05"]
[Round "1"]
[White "Picasso"]
[Black "Bibisept"]
[WhiteElo "2080"]
[BlackElo "1950"]
[Result "1-0"]
1.e4 c6
2.Nb1c3 d5
3.Ng1f3 Bc8g4
4.h3 Bg4h5
5.exd5 cxd5
6.g4 Bh5g6
7.Bf1b5 Nb8c6
8.Nf3e5 Qd8d6
9.d4 a6
10.Bb5xc6 bxc6
11.Ne5xg6 Qd6xg6
12.Bc1f4 Ng8f6
13.O-O e6
14.f3 h5
15.Kf2 hxg4
16.hxg4 Kd7
17.Nc3a4 Ra8a7
18.c4 Bf8d6
19.Bf4xd6 Kxd6
20.Na4c5 Rh8h2
21.Ke3 Qg6g5
22.Kd3 dxc4
23.Kxc4 Rh2xb2
24.Rf1e1 Qg5d5
25.Kc3 Rb2xa2
26.Re1e5 Qd5xf3
27.Qd1xf3 Ra2xa1
28.Nc5e4 Nf6xe4
29.Qf3xe4 a5
30.g5 Ra7e7
31.Kb2 Ra1a4
32.Re5c5 Re7b7
33.Kc3 Ra4a3
34.Kd2 Ra3a2
35.Rc5c2 Ra2xc2
36.Kxc2 f6
37.g6 Rb7b4
38.Kc3 e5
39.dxe5 fxe5
40.Qe4f3 Rb4f4
41.Qf3d3 Kc5
42.Qd3d7 Rf4c4
43.Kb2 Rc4b4
44.Ka3 e4
45.Qd7xg7 Kb6
46.Qg7e5 Rb4b5
47.Qe5xe4 Rb5g5
48.Qe4e3 Rg5c5
49.g7 { abandon }1-0

[Event "XERTIGNY  VOSGES"]
[Site "www.echecsemail.com"]
[Date "2026.01.05"]
[Round "1"]
[White "Casisimed"]
[Black "Mindthegap"]
[WhiteElo "1620"]
[BlackElo "1500"]
[Result "0-1"]
1.e4 e5
2.Ng1f3 Ng8f6
3.Bf1c4 Nf6xe4
4.Nf3xe5 d5
5.Bc4b3 Qd8g5
6.d4 Qg5xg2
7.Ke2 Qg2xf2
8.Kd3 Nb8a6
9.Bb3xd5 Na6b4
10.Kxe4 Bc8f5
0-1

[Event "Coupe Niveau 4"]
[Site "www.echecsemail.com"]
[Date "2026.01.05"]
[Round "1"]
[White "Domenico"]
[Black "Senegaulois"]
[WhiteElo "1820"]
[BlackElo "1920"]
[Result "1-0"]
1.e4 g6
2.Bf1c4 Bf8g7
3.Ng1f3 d6
4.O-O Ng8f6
5.d3 O-O
6.Nb1c3 Nb8c6
7.Bc1e3 Bc8g4
8.d4 a6
9.Be3f4 Nc6a7
10.Qd1d3 b5
11.Bc4b3 c6
12.e5 Nf6e8
13.Nf3g5 e6
14.Qd3g3 Bg4f5
15.exd6 Ne8f6
16.Qg3h4 h6
17.Ng5f3 Nf6g4
18.Qh4xd8 Ra8xd8
19.Ra1e1 a5
20.a3 a4
21.Bb3a2 Bf5xc2
22.h3 Ng4f6
23.Bf4e5 Bc2d3
24.Nc3e2 Bd3e4
25.Nf3d2 Be4d3
26.f4 Nf6h5
27.Rf1f3 Bd3xe2
28.Re1xe2 Bg7xe5
29.fxe5 Rd8d7
30.Nd2e4 Kh8
31.Ne4c5 Rd7d8
32.b3 Nh5g7
33.Re2e4 axb3
34.Ba2xb3 Na7c8
35.a4 b4
36.a5 Ng7f5
37.Nc5b7 Rd8d7
38.a6 Nc8a7
39.Bb3a4 Na7b5
40.Rf3b3 Nf5xd4
41.Rb3xb4 f5
42.Re4h4 Nd4e2
43.Kh2 Kg7
44.Ba4xb5 cxb5
45.Rb4xb5 g5
46.Rh4c4 Ne2f4
47.Nb7a5 Nf4g6
48.Rb5b7 { abandon }1-0

[Event "MI6B"]
[Site "www.echecsemail.com"]
[Date "2026.01.05"]
[Round "1"]
[White "Alizarine"]
[Black "Vachefolle"]
[WhiteElo "2530"]
[BlackElo "2020"]
[Result "1-0"]
1.e4 e6
2.d4 d5
3.e5 c5
4.c3 Nb8c6
5.Ng1f3 Qd8b6
6.Bf1e2 Bc8d7
7.O-O O-O-O
8.dxc5 Bf8xc5
9.b4 Bc5e7
10.a4 f6
11.exf6 Be7xf6
12.a5 Qb6c7
13.Bc1e3 Kb8
14.Nb1a3 Bf6xc3
15.Na3b5 { abandon }1-0

[Event "Défi( 10J+24H/c 10J Max )"]
[Site "www.echecsemail.com"]
[Date "2026.01.05"]
[Round "1"]
[White "Mokanne"]
[Black "Tunnellavage"]
[WhiteElo "1470"]
[BlackElo "1770"]
[Result "0-1"]
1.e4 e5
2.Bf1c4 Ng8f6
3.Nb1c3 Nb8c6
4.Ng1f3 Bf8c5
5.Nf3g5 O-O
6.Bc4xf7 Rf8xf7
7.Ng5xf7 Kxf7
8.d3 h6
9.h3 d6
10.O-O Nc6e7
11.Bc1e3 Ne7g6
12.Be3xc5 dxc5
13.b3 Ng6f4
14.Qd1f3 c6
15.Nc3e2 g5
16.Ne2xf4 gxf4
17.Qf3e2 Qd8g8
18.f3 Bc8xh3
19.Rf1f2 Nf6h5
20.Kh2 Nh5g3
21.Qe2d2 Bh3d7
22.Qd2a5 b6
23.Qa5c3 Ra8e8
24.Qc3c4 Bd7e6
25.Qc4c3 Kf6
26.b4 Qg8g6
27.bxc5 Qg6h5
{ abandon }0-1

[Event "Transval"]
[Site "www.echecsemail.com"]
[Date "2026.01.05"]
[Round "1"]
[White "Mindthegap"]
[Black "Woluwe1975"]
[WhiteElo "1420"]
[BlackElo "1630"]
[Result "0-1"]
1.Ng1f3 Ng8f6
2.d4 d5
3.c4 e6
4.e3 c5
5.Nf3e5 Bf8d6
6.f4 O-O
7.cxd5 exd5
8.Nb1c3 c4
9.Bf1e2 Bc8e6
10.b3 Nf6e4
11.Nc3xe4 dxe4
12.Be2xc4 Nb8c6
13.Ne5xc6 bxc6
14.Qd1c2 Be6d5
15.Bc4xd5 cxd5
16.O-O f5
17.g3 Ra8c8
18.Qc2e2 Qd8b6
19.Bc1d2 Kh8
20.g4 g6
21.gxf5 gxf5
22.Rf1c1 Rf8g8
23.Kh1 Bd6a3
24.Qe2h5 Ba3xc1
25.Qh5xf5 Qb6g6
26.Qf5xg6 Rg8xg6
27.Ra1xc1 Rc8xc1
28.Bd2xc1 Rg6c6
29.Bc1a3 Rc6c3
30.f5 Rc3xe3
31.f6 Kg8
32.Ba3c5 a6
33.b4 Kf7
34.a4 Kxf6
35.b5 axb5
36.axb5 Re3b3
37.b6 e3
38.Bc5d6 Rb3xb6
39.Bd6e5 Kg6
40.Be5g3 Rb6b2
41.h4 h5
42.Bg3f4 e2
{ abandon }0-1

[Event "Tournoi n27354"]
[Site "www.echecsemail.com"]
[Date "2026.01.05"]
[Round "1"]
[White "Tiounet"]
[Black "Aramis"]
[WhiteElo "1680"]
[BlackElo "1550"]
[Result "0-1"]
1.a3 d5
2.b4 f6
3.Bc1b2 Ng8h6
4.g3 e5
5.Bf1g2 c6
6.Ng1f3 Nh6f5
7.O-O a6
8.d3 Bf8d6
9.Nb1d2 d4
10.c3 dxc3
11.Bb2xc3 O-O
12.Nd2c4 Bd6c7
13.Qd1b3 Kh8
14.Nc4e3 Nf5xe3
15.fxe3 Bc7b6
16.d4 exd4
17.exd4 Bc8g4
18.e3 Nb8d7
19.Ra1c1 Ra8c8
20.Nf3d2 Qd8e8
21.Nd2e4 Bb6c7
22.Rf1e1 Bg4f5
23.Ne4c5 Nd7xc5
24.bxc5 Rc8b8
25.Qb3a4 Bf5d7
26.Qa4c2 Bd7e6
27.Rc1d1 Qe8c8
28.e4 b6
29.d5 cxd5
30.exd5 Be6f5
31.Qc2f2 bxc5
32.Qf2xc5 Bc7b6
{ abandon }0-1

[Event "Défi( 10J+24H/c 10J Max )"]
[Site "www.echecsemail.com"]
[Date "2026.01.05"]
[Round "1"]
[White "Marathonman"]
[Black "Titit1"]
[WhiteElo "2040"]
[BlackElo "1360"]
[Result "1-0"]
1.e4 Ng8f6
2.Nb1c3 d5
3.e5 Nf6g4
4.Ng1f3 Nb8c6
5.Bf1b5 e6
6.h3 Qd8h4
7.Nf3xh4 Bf8c5
8.Bb5xc6 bxc6
9.hxg4 O-O
10.d4 Bc5b4
11.Bc1d2 a6
12.a3 Bb4e7
13.g5 Ra8b8
14.Nc3a4 Bc8d7
15.b3 c5
16.Na4xc5 Bd7c6
17.Nc5xa6 Rb8b7
18.a4 Rf8d8
19.Bd2a5 Be7xg5
20.Nh4f3 Rd8d7
21.Nf3xg5 Rb7a7
22.Qd1d3 g6
23.Na6b8 Rd7d8
24.Nb8xc6 Ra7a8
25.Nc6xd8 Ra8xd8
26.Ba5xc7 Rd8c8
27.Bc7d6 Kg7
28.Rh1xh7 Kg8
29.Rh7xf7 Rc8a8
30.Qd3xg6 Kh8
31.Qg6h7 1-0

[Event "Transval"]
[Site "www.echecsemail.com"]
[Date "2026.01.05"]
[Round "1"]
[White "Mindthegap"]
[Black "Legrillon"]
[WhiteElo "1420"]
[BlackElo "1700"]
[Result "0-1"]
1.Ng1f3 d5
2.d4 h6
3.Nb1c3 e6
4.Nf3e5 Bf8d6
5.f4 Ng8f6
6.e3 Bd6b4
7.a3 Bb4d6
8.Bf1b5 c6
9.Bb5e2 Nb8d7
10.Ne5xd7 Bc8xd7
11.b4 b5
12.O-O O-O
13.Nc3b1 a5
14.Rf1f3 Nf6e4
15.Nb1c3 axb4
16.Nc3xe4 dxe4
17.Rf3g3 bxa3
18.d5 exd5
19.Bc1d2 b4
20.c3 Qd8b6
21.cxb4 Bd6xb4
22.Bd2xb4 Qb6xb4
23.Be2g4 f5
24.Bg4h5 a2
25.Rg3g6 Kh7
26.g4 Bd7e8
27.Rg6e6 Be8xh5
28.gxh5 Qb4c5
29.Qd1e2 Rf8f6
30.Re6xf6 gxf6
31.Qe2f2 Qc5c3
{ abandon }0-1

[Event "Eq:LechiquierDesHurlus-au plaisir du jeux  :"]
[Site "www.echecsemail.com"]
[Date "2026.01.05"]
[Round "1"]
[White "Jajaf1959"]
[Black "Gilberthellemans"]
[WhiteElo "1940"]
[BlackElo "1580"]
[Result "0-1"]
1.d4 d5
2.c4 Ng8f6
3.Nb1c3 c6
4.Bc1f4 Bc8f5
5.e3 e6
6.a3 Bf8d6
7.Bf4xd6 Nf6g8
8.Bd6g3 Ng8e7
9.Ng1f3 O-O
10.Bf1d3 dxc4
11.Bd3xc4 h6
12.O-O b5
13.Bc4b3 Ne7g6
14.h3 Ng6e7
15.e4 Bf5h7
16.Qd1e2 Nb8d7
17.Bg3d6 Nd7f6
18.e5 Nf6d5
19.Nc3xd5 exd5
20.Bb3c2 Rf8e8
21.b4 Ne7c8
22.Bd6c5 Bh7xc2
23.Qe2xc2 Nc8b6
24.Nf3d2 Re8e6
25.f4 Nb6a4
26.Bc5d6 Na4b6
27.Nd2b3 Nb6c4
28.Nb3c5 Re6e8
29.Qc2c3 Nc4xd6
30.exd6 Qd8xd6
31.f5 Ra8b8
32.Qc3f3 f6
33.Qf3g4 Re8e7
34.Nc5e6 Kh8
35.Ne6f4 Kg8
36.Rf1e1 Re7e4
37.Nf4e6 Re4xg4
38.hxg4 Qd6g3
39.Ra1c1 Qg3xg4
40.Rc1xc6 Kh7
41.Rc6c7 Kh8
42.Rc7xg7 Qg4xf5
43.Rg7xa7 Qf5g4
44.Ra7g7 Qg4h4
45.Re1c1 Qh4e4
46.Rc1c6 Rb8e8
47.Ne6c5 Qe4e1
48.Kh2 Qe1h4
49.Kg1 Re8e1
0-1

[Event "Coupe Niveau 2"]
[Site "www.echecsemail.com"]
[Date "2026.01.05"]
[Round "1"]
[White "Patau"]
[Black "Domenico"]
[WhiteElo "1680"]
[BlackElo "1730"]
[Result "1-0"]
1.e4 e5
2.Ng1f3 d6
3.d4 Bf8e7
4.dxe5 dxe5
5.Qd1xd8 Be7xd8
6.Nf3xe5 Ng8f6
7.Nb1c3 O-O
8.Bf1d3 Bc8e6
9.O-O c5
10.Bc1e3 b6
11.Ra1d1 Bd8c7
12.f4 Bc7xe5
13.fxe5 Nf6d7
14.Be3f4 Nb8c6
15.Bd3b5 Ra8c8
16.Nc3d5 Be6xd5
17.exd5 Nc6xe5
18.d6 Rf8e8
19.Bf4xe5 Nd7xe5
20.Bb5xe8 Rc8xe8
21.d7 Re8d8
22.Rf1e1 f6
23.Re1e2 Rd8xd7
24.Rd1xd7 Ne5xd7
25.Re2e7 Nd7e5
26.Re7xa7 Ne5c4
27.b3 Nc4e3
28.c4 h5
29.Ra7b7 Ne3c2
30.Rb7xb6 Nc2b4
31.a4 Nb4a2
32.a5 Na2b4
33.a6 { abandon }1-0

[Event "VIC LA GARDIOLE"]
[Site "www.echecsemail.com"]
[Date "2026.01.05"]
[Round "1"]
[White "Orosco"]
[Black "Tartu"]
[WhiteElo "2280"]
[BlackElo "1690"]
[Result "0-1"]
1.e4 e5
2.Ng1f3 Nb8c6
3.Nb1c3 Ng8f6
4.d4 exd4
5.Nf3xd4 Nc6xd4
6.Qd1xd4 b6
7.Bf1e2 Bc8b7
8.Bc1g5 Bf8e7
9.O-O-O c5
10.Qd4e3 O-O
11.Kb1 h6
12.Bg5xf6 Be7xf6
13.f3 Rf8e8
14.Qe3f2 Bf6xc3
15.bxc3 Qd8e7
16.Be2d3 a5
17.Ka1 Qe7e5
18.Kb2 Bb7c6
19.h4 b5
20.a3 b4
21.axb4 axb4
22.Qf2d2 bxc3
23.Qd2xc3 Ra8a2
24.Kb3 Re8b8
25.Kxa2 Qe5xc3
{ abandon }0-1

[Event "Tournoi n27303"]
[Site "www.echecsemail.com"]
[Date "2026.01.05"]
[Round "1"]
[White "Lancien57"]
[Black "Legrillon"]
[WhiteElo "1490"]
[BlackElo "1680"]
[Result "0-1"]
1.e4 e5
2.Ng1f3 d6
3.Nb1c3 c6
4.Bf1e2 h6
5.d4 exd4
6.Nf3xd4 Bf8e7
7.Nd4f3 Bc8g4
8.h3 Bg4xf3
9.Be2xf3 Ng8f6
10.O-O Nb8d7
11.Bc1e3 O-O
12.Rf1e1 Nd7e5
13.Be3f4 Ne5g6
14.Bf4g3 Ng6e5
15.Bg3xe5 dxe5
16.a3 Qd8b6
17.b4 Ra8d8
18.Qd1e2 a5
19.Nc3a4 Qb6a7
20.Na4c5 Be7xc5
21.bxc5 Qa7xc5
22.c4 Rd8d4
23.Re1d1 Rf8d8
24.Rd1xd4 Qc5xd4
25.Ra1c1 c5
26.a4 Qd4d2
27.Qe2xd2 Rd8xd2
28.Rc1b1 Rd2d4
29.Rb1xb7 Rd4xc4
30.Rb7b5 Rc4xa4
31.Rb5xc5 Nf6d7
32.Rc5c8 Nd7f8
33.Rc8c5 f6
34.g4 Ra4a1
35.Kg2 Nf8e6
36.Rc5c8 Kf7
37.Rc8c6 a4
38.Rc6b6 a3
39.Rb6b7 Kg6
40.Kg3 Ra1g1
41.Kh2 a2
42.Kxg1 a1Q
43.Kg2 Ne6f4
44.Kg3 Qa1g1
45.Kh4 Qg1xf2
0-1

[Event "Tournoi n27312"]
[Site "www.echecsemail.com"]
[Date "2026.01.05"]
[Round "1"]
[White "Legrillon"]
[Black "Verson"]
[WhiteElo "1700"]
[BlackElo "1860"]
[Result "0-1"]
1.e4 e6
2.Ng1f3 d5
3.e5 c5
4.d4 Nb8c6
5.Bf1b5 Bc8d7
6.Nb1c3 Nc6xe5
7.Nf3xe5 Bd7xb5
8.dxc5 Bb5c6
9.Bc1e3 Qd8c7
10.f4 Ng8f6
11.h3 Bf8e7
12.Be3d4 O-O
13.O-O b6
14.b4 bxc5
15.bxc5 Ra8b8
16.Ne5xc6 Qc7xc6
17.Qd1d3 Be7xc5
18.Nc3e2 Nf6e4
19.Bd4xc5 Ne4xc5
20.Qd3c3 Rf8c8
21.Ne2d4 Qc6d7
22.Rf1b1 Nc5b3
23.Qc3d3 Nb3xa1
24.Rb1xa1 Qd7c7
25.Ra1c1 Qc7c3
26.Qd3d1 Rc8c4
27.Nd4e2 Qc3e3
28.Kh1 Rc4e4
29.Ne2g1 Qe3xf4
30.Ng1f3 Re4c4
31.Nf3d2 Rc4d4
32.Rc1b1 Rb8c8
33.Qd1e2 Rd4xd2
34.Qe2a6 h6
35.Qa6xc8 Kh7
36.Qc8c3 Qf4f2
37.Rb1g1 Rd2xc2
38.Qc3d3 g6
39.a4 Rc2a2
40.Qd3d1 Qf2e2
41.Qd1c1 Ra2xa4
42.Qc1c6 Ra4f4
43.Qc6b7 a6
44.Qb7b8 Rf4f1
45.Rg1xf1 Qe2xf1
46.Kh2 d4
47.Qb8b2 d3
48.Qb2d2 Qf1e2
49.Qd2f4 Kg7
50.Qf4d4 e5
{ abandon }0-1

[Event "Tournoi n27312"]
[Site "www.echecsemail.com"]
[Date "2026.01.05"]
[Round "1"]
[White "Legrillon"]
[Black "Nbelnico"]
[WhiteElo "1700"]
[BlackElo "1760"]
[Result "1-0"]
1.e4 e5
2.Ng1f3 d6
3.h3 a6
4.Nb1c3 Bf8e7
5.Bf1c4 h6
6.d4 exd4
7.Nf3xd4 c6
8.Nd4f5 Bc8xf5
9.exf5 Ng8f6
10.O-O O-O
11.Bc1e3 a5
12.a4 d5
13.Bc4b3 Qd8d6
14.Be3d4 Nb8d7
15.Qd1d3 c5
16.Nc3b5 Qd6c6
17.Bd4xf6 Nd7xf6
18.c4 dxc4
19.Bb3xc4 Ra8d8
20.Qd3c2 Nf6e4
21.Ra1d1 Ne4d6
22.Bc4d5 Qc6c7
23.Nb5xc7 b6
24.Rf1e1 Be7f6
25.Nc7b5 Nd6xb5
26.axb5 Rd8c8
27.Bd5c6 Kh8
28.Rd1d7 Bf6d4
29.Re1e7 Kg8
30.Bc6d5 c4
31.Bd5xf7 Kh8
32.Rd7xd4 { abandon }1-0

[Event "Noël 2025 n4"]
[Site "www.echecsemail.com"]
[Date "2026.01.05"]
[Round "1"]
[White "Karkaskat"]
[Black "Nbelnico"]
[WhiteElo "2100"]
[BlackElo "1730"]
[Result "1-0"]
1.e4 e5
2.Ng1f3 d6
3.d4 exd4
4.Nf3xd4 Bf8e7
5.Bf1c4 h6
6.Nb1c3 a6
7.O-O Ng8f6
8.h3 O-O
9.Bc1e3 c6
10.Qd1f3 a5
11.a4 b6
12.Nd4f5 Bc8xf5
13.Qf3xf5 Nb8d7
14.Ra1d1 Nd7e5
15.Bc4a2 c5
16.Nc3d5 Kh8
17.c3 Ra8b8
18.Nd5xf6 Be7xf6
19.Rd1d5 b5
20.Rf1d1 Rb8b6
21.Be3xc5 Rb6a6
22.axb5 Ra6a8
23.Bc5xd6 Rf8e8
24.Bd6xe5 Qd8b6
25.Be5xf6 gxf6
26.Rd5d6 Qb6b7
27.Qf5xf6 Kg8
28.Rd6d7 Qb7xe4
29.Ba2xf7 Kh7
30.Bf7e6 Re8e7
31.Rd7xe7 1-0

[Event "Coupe Niveau 4"]
[Site "www.echecsemail.com"]
[Date "2026.01.05"]
[Round "1"]
[White "Elghribi"]
[Black "Verson"]
[WhiteElo "1940"]
[BlackElo "1860"]
[Result "0-1"]
1.e4 e6
2.d4 d5
3.e5 c5
4.c3 Nb8c6
5.Bf1b5 Bc8d7
6.Bb5xc6 Bd7xc6
7.Ng1f3 cxd4
8.cxd4 Bc6b5
9.Nb1c3 Bb5a6
10.Nc3e2 Ng8e7
11.O-O Ne7f5
12.Rf1e1 Bf8e7
13.Ne2c3 O-O
14.a3 Ra8c8
15.Qd1d2 Ba6c4
16.Nc3d1 Qd8c7
17.b4 b6
18.Bc1b2 f6
19.Ra1c1 b5
20.Nd1e3 Nf5xe3
21.Qd2xe3 f5
22.Nf3d2 a5
23.Nd2xc4 dxc4
24.Bb2c3 axb4
25.axb4 Qc7c6
26.f4 Rc8a8
27.Rc1a1 Ra8xa1
28.Re1xa1 Rf8a8
29.Ra1d1 Ra8a3
30.Qe3d2 Qc6d5
31.Kf2 Ra3a4
32.Rd1b1 Qd5a8
33.Qd2e3 Ra4a3
34.Qe3e1 Ra3a2
{ abandon }0-1

[Event "20 12 25"]
[Site "www.echecsemail.com"]
[Date "2026.01.05"]
[Round "1"]
[White "Katastrofic"]
[Black "4x4"]
[WhiteElo "1440"]
[BlackElo "1460"]
[Result "0-1"]
1.e4 e5
2.Bf1c4 d6
3.h3 Bc8e6
4.Bc4xe6 fxe6
5.d3 Nb8c6
6.c4 Qd8d7
7.Ng1f3 O-O-O
8.O-O Ng8f6
9.Bc1d2 Nc6d4
10.Nf3xd4 exd4
11.Bd2g5 Bf8e7
12.Bg5xf6 gxf6
13.f4 c5
14.a3 Qd7e8
15.f5 e5
16.b4 b6
17.b5 Qe8f7
18.Rf1f3 Qf7g7
19.Ra1a2 Be7f8
20.Qd1e1 Qg7f7
21.a4 Bf8h6
22.Kh1 Rh8g8
23.Rf3g3 Bh6f4
24.Rg3xg8 Rd8xg8
25.a5 Rg8g3
26.axb6 Qf7g7
27.Qe1f1 axb6
28.Qf1d1 Rg3e3
29.Ra2e2 Re3xe2
30.Qd1xe2 Qg7g3
{ abandon }0-1

[Event "Amical( 10J+24H/c 10J Max )"]
[Site "www.echecsemail.com"]
[Date "2026.01.05"]
[Round "1"]
[White "Coincoin18"]
[Black "Letyjo"]
[WhiteElo "2650"]
[BlackElo "2750"]
[Result "1/2-1/2"]
1.d4 Ng8f6
2.c4 c5
3.d5 e6
4.Nb1c3 exd5
5.cxd5 d6
6.e4 g6
7.f4 Bf8g7
8.Ng1f3 O-O
9.Bf1e2 Rf8e8
10.Nf3d2 Nb8a6
11.O-O Ra8b8
12.a4 Na6b4
13.h3 b6
14.Rf1e1 Bc8a6
15.Be2xa6 Nb4xa6
16.Nd2c4 Na6b4
17.f5 Nf6h5
18.Re1f1 a6
19.fxg6 fxg6
20.Qd1g4 b5
21.Bc1g5 Bg7d4
22.Kh2 Qd8c8
23.axb5 axb5
24.Qg4xc8 Re8xc8
25.Nc3xb5 Rb8xb5
26.g4 Nh5g7
27.Nc4xd6 Bd4e5
28.Bg5f4 Be5xd6
29.Bf4xd6 Rb5b7
30.Rf1f3 h5
31.Ra1c1 Rc8e8
32.Rc1c4 Nb4a6
33.b3 hxg4
34.hxg4 Re8d8
35.Bd6xc5 Na6xc5
36.Rc4xc5 Rd8e8
37.Rc5c4 Re8e5
38.Rf3f6 g5
39.Rf6f3 Kh7
40.Rf3h3 Kg8
41.Rh3f3 { nul }1/2-1/2

[Event "Memorial Lara CIII"]
[Site "www.echecsemail.com"]
[Date "2026.01.05"]
[Round "1"]
[White "Karkaskat"]
[Black "Intrigue"]
[WhiteElo "2100"]
[BlackElo "1760"]
[Result "1-0"]
1.e4 e5
2.Ng1f3 Nb8c6
3.Bf1c4 Bf8e7
4.c3 Ng8f6
5.d3 O-O
6.O-O h6
7.Bc4b3 d6
8.h3 b5
9.Nb1d2 a5
10.d4 exd4
11.cxd4 Bc8b7
12.a3 Rf8e8
13.Rf1e1 a4
14.Bb3a2 Nf6d7
15.Nd2f1 b4
16.d5 Nc6e5
17.axb4 Be7f6
18.Nf1e3 Ne5xf3
19.Qd1xf3 Nd7e5
20.Qf3e2 Bb7a6
21.Qe2c2 Ra8b8
22.Qc2xa4 Ba6d3
23.f3 Rb8a8
24.Qa4b3 Kh7
25.f4 Bd3xe4
26.fxe5 Bf6xe5
27.Ne3g4 Be5d4
28.Bc1e3 Be4xd5
29.Qb3xd5 Bd4xe3
30.Re1xe3 Re8xe3
31.Ng4xe3 Ra8a6
32.Ra1f1 { abandon }1-0

[Event "Coupe Niveau 3"]
[Site "www.echecsemail.com"]
[Date "2026.01.05"]
[Round "1"]
[White "Elghribi"]
[Black "Verson"]
[WhiteElo "1930"]
[BlackElo "1830"]
[Result "1-0"]
1.e4 e6
2.d4 d5
3.e5 c5
4.c3 Nb8c6
5.Bf1b5 Bc8d7
6.Bb5xc6 Bd7xc6
7.Ng1f3 cxd4
8.cxd4 Ng8e7
9.O-O Ne7f5
10.Nb1c3 Bf8e7
11.a3 O-O
12.b4 Ra8c8
13.Bc1b2 f6
14.exf6 Be7xf6
15.Ra1c1 Qd8b6
16.Nc3e2 Bc6b5
17.Rf1e1 Rc8c7
18.Rc1xc7 Qb6xc7
19.Ne2c3 Bb5d7
20.Nf3e5 Bf6xe5
21.dxe5 Qc7c4
22.Qd1e2 Qc4xe2
23.Re1xe2 Nf5d4
24.Re2d2 Nd4c6
25.Nc3e2 Nc6e7
26.f4 Rf8c8
27.Ne2d4 Ne7c6
28.Nd4b5 Nc6e7
29.Nb5xa7 Rc8c7
30.Bb2d4 Ne7c8
31.Na7xc8 Rc7xc8
32.Bd4c5 Rc8a8
33.Rd2a2 g6
34.Kf2 Ra8c8
35.g3 Rc8a8
36.Ke3 Kf7
37.Kd4 Bd7c6
38.Kc3 b5
39.Bc5d4 Ra8c8
40.Kb3 Bc6d7
41.Ra2c2 Rc8xc2
42.Kxc2 h6
43.Kd3 g5
44.Bd4e3 Kg6
45.g4 gxf4
46.Be3xf4 h5
47.h3 hxg4
48.hxg4 Kf7
49.Kd4 Ke8
50.Kc5 Ke7
51.Kb6 Bd7e8
52.Kc7 Be8g6
53.a4 bxa4
54.b5 a3
55.Bf4c1 a2
56.Bc1b2 Bg6e4
57.Bb2d4 Be4d3
58.b6 { abandon }1-0

[Event "UBIQUITE"]
[Site "www.echecsemail.com"]
[Date "2026.01.05"]
[Round "1"]
[White "Mindthegap"]
[Black "Katastrofic"]
[WhiteElo "1430"]
[BlackElo "1440"]
[Result "1-0"]
1.e4 e5
2.Ng1f3 Ng8f6
3.Nf3xe5 d6
4.Ne5f3 Nf6xe4
5.d4 d5
6.Bf1d3 Bf8e7
7.O-O O-O
8.Rf1e1 Bc8f5
9.Nb1c3 Ne4xc3
10.bxc3 Bf5xd3
11.cxd3 h6
12.Qd1b3 b6
13.Nf3e5 Rf8e8
14.Bc1f4 Be7g5
15.Re1e4 dxe4
16.Qb3xf7 { abandon }1-0

[Event "Coupe Niveau 4"]
[Site "www.echecsemail.com"]
[Date "2026.01.05"]
[Round "1"]
[White "Marcat"]
[Black "Elghribi"]
[WhiteElo "2170"]
[BlackElo "1940"]
[Result "1-0"]
1.e4 d6
2.d4 Ng8f6
3.Nb1c3 g6
4.f3 Bf8g7
5.Bc1e3 O-O
6.Qd1d2 Nb8c6
7.O-O-O e5
8.d5 Nc6e7
9.g4 Nf6e8
10.h4 f5
11.exf5 gxf5
12.g5 Rf8f7
13.f4 exf4
14.Be3xf4 Ne7g6
15.Ng1f3 Ng6xf4
16.Qd2xf4 Bg7f8
17.h5 h6
18.gxh6 Qd8f6
19.Rh1g1 Kh7
20.Rg1g6 Qf6d8
21.Nf3g5 { abandon }1-0

[Event "Défi"]
[Site "www.echecsemail.com"]
[Date "2026.01.05"]
[Round "1"]
[White "Petitlulu64"]
[Black "Roquefort"]
[WhiteElo "1770"]
[BlackElo "1870"]
[Result "0-1"]
1.d4 Ng8f6
2.Nb1c3 d6
3.Ng1f3 Bc8g4
4.Nf3h4 e6
5.Qd1d2 Bf8e7
6.g3 O-O
7.h3 Bg4h5
8.Nh4g2 c6
9.Ng2f4 Bh5g6
10.b3 Nf6d5
11.Nf4xd5 exd5
12.Bf1g2 Nb8a6
13.O-O Na6b4
14.e4 dxe4
15.Bg2xe4 Bg6xe4
16.Nc3xe4 Nb4d5
17.c4 Nd5f6
18.Ne4c3 Qd8d7
19.d5 Qd7xh3
20.f3 Qh3xg3
21.Qd2g2 Qg3xg2
22.Kxg2 cxd5
23.cxd5 Ra8c8
24.Bc1b2 Rc8c5
25.Ra1d1 Rf8c8
26.Nc3e4 Nf6xe4
27.fxe4 Rc5c2
28.Rf1f2 Rc2xf2
29.Kxf2 Rc8c2
30.Ke3 Rc2xb2
31.Rd1c1 g6
32.Kd4 Rb2xa2
33.Rc1c7 Be7f6
34.Kd3 b5
35.Rc7b7 a6
36.Rb7b6 Bf6e5
37.Rb6b8 Kg7
38.Rb8b6 h5
39.Ke3 g5
40.Rb6c6 Kg6
41.Kf3 g4
42.Ke3 h4
43.Rc6c1 h3
44.Rc1b1 g3
45.Kf3 g2
46.b4 h2
{ abandon }0-1

[Event "TRISTAN DA CUNHA"]
[Site "www.echecsemail.com"]
[Date "2026.01.05"]
[Round "1"]
[White "Petitlulu64"]
[Black "4x4"]
[WhiteElo "1750"]
[BlackElo "1420"]
[Result "0-1"]
1.e4 e5
2.Ng1f3 Nb8c6
3.Nb1c3 Ng8f6
4.Bf1c4 d6
5.O-O Bc8e6
6.Nc3d5 Be6xd5
7.exd5 Nc6e7
8.d4 e4
9.Nf3d2 Ne7xd5
10.Rf1e1 c6
11.Nd2xe4 Nf6xe4
12.Re1xe4 Bf8e7
13.Bc4xd5 cxd5
14.Re4e3 O-O
15.Qd1e2 Be7f6
16.c3 Bf6g5
17.Re3f3 Bg5xc1
18.Ra1xc1 Rf8e8
19.Qe2b5 b6
20.Qb5xd5 Re8e7
21.Kf1 Qd8e8
22.Qd5xd6 Ra8d8
23.Qd6f4 f6
24.Rc1d1 Qe8f7
25.h3 Rd8e8
26.Rf3d3 Re7e2
27.Rd3d2 Re2xd2
28.Rd1xd2 Qf7c4
29.Kg1 Qc4xa2
30.b4 Qa2a1
31.Kh2 Qa1xc3
32.d5 Qc3e5
33.Qf4xe5 Re8xe5
34.d6 Re5e8
35.g4 Re8d8
36.Kg3 Kf7
37.f4 Ke6
38.f5 Ke5
39.Kf3 Rd8xd6
40.Rd2e2 Kd5
41.Re2e7 a6
42.Re7xg7 Kc4
43.Rg7xh7 Kxb4
44.Rh7e7 a5
45.Re7e6 Rd6d3
46.Ke4 Rd3xh3
47.Re6xb6 Kc5
48.Rb6xf6 Rh3g3
49.Kf4 Rg3d3
50.g5 Rd3d5
51.g6 Rd5d4
52.Ke3 a4
53.g7 Rd4g4
54.Rf6g6 Rg4b4
55.g8Q Rb4b3
56.Kf4 Kb4
57.Rg6b6 Ka3
58.Rb6xb3 axb3
59.Qg8xb3 Kxb3
60.f6 Kc4
61.f7 Kd5
62.f8Q Ke6
63.Qf8c5 Kf6
{ abandon }0-1

[Event "Défi"]
[Site "www.echecsemail.com"]
[Date "2026.01.05"]
[Round "1"]
[White "Bouffon"]
[Black "Roger72"]
[WhiteElo "1660"]
[BlackElo "1280"]
[Result "1-0"]
1.e4 e5
2.Ng1f3 Nb8c6
3.c3 Bf8c5
4.Bf1e2 Ng8h6
5.O-O d6
6.d3 Bc8g4
7.Nb1d2 O-O
8.Nd2b3 Qd8f6
9.Nb3d2 Rf8e8
10.Rf1e1 Re8e6
11.Nd2b3 Bc5b6
12.Nb3d2 Nc6e7
13.Nd2c4 Qf6g6
14.Nc4xb6 axb6
15.Bc1xh6 Qg6xh6
16.Qd1c1 Qh6h5
17.Qc1g5 Re6h6
18.Qg5xh5 Bg4xh5
19.Nf3d2 Bh5g6
20.b4 Ra8e8
21.b5 c6
22.Re1b1 d5
23.Be2f3 c5
24.a4 d4
25.cxd4 cxd4
26.Rb1c1 Ne7c8
27.Rc1c7 f6
28.Ra1c1 Nc8d6
29.Rc7d7 Nd6c8
30.Rd7xb7 Rh6h4
31.Rc1c7 Nc8e7
32.Nd2c4 Bg6f7
33.Nc4d6 h6
34.Nd6xe8 { abandon }1-0

[Event "VIC LA GARDIOLE"]
[Site "www.echecsemail.com"]
[Date "2026.01.05"]
[Round "1"]
[White "4x4"]
[Black "Orosco"]
[WhiteElo "1460"]
[BlackElo "2280"]
[Result "0-1"]
1.e4 e5
2.Ng1f3 Nb8c6
3.Nb1c3 Ng8f6
4.d4 exd4
5.Nf3xd4 Bf8b4
6.Nd4xc6 bxc6
7.Bc1d2 O-O
8.a3 Bb4xc3
9.Bd2xc3 Rf8e8
10.f3 Bc8b7
11.Bc3xf6 Qd8xf6
12.Qd1xd7 Qf6xb2
13.Ra1d1 Qb2c3
14.Rd1d2 Re8d8
15.Qd7xd8 Ra8xd8
16.Bf1d3 Qc3f6
17.O-O Qf6c3
18.Rf1f2 Qc3xa3
19.g3 Bb7a6
20.Bd3xa6 Rd8xd2
21.Rf2xd2 Qa3c1
22.Kg2 Qc1xd2
23.Kh3 Qd2xc2
24.Ba6b7 a5
25.Kg4 a4
26.h4 a3
27.e5 a2
28.f4 a1Q
29.Kg5 Qc2g6
0-1

[Event "Défi( 10J+24H/c 10J Max )"]
[Site "www.echecsemail.com"]
[Date "2026.01.05"]
[Round "1"]
[White "Roger72"]
[Black "Tian"]
[WhiteElo "1280"]
[BlackElo "1340"]
[Result "1-0"]
1.e4 e5
2.Bf1c4 Ng8f6
3.d3 c6
4.a3 b5
5.Bc4a2 Nb8a6
6.Ng1f3 Qd8a5
7.b4 Qa5b6
8.Bc1e3 Qb6b7
9.Nf3xe5 Bf8d6
10.Ne5xf7 Rh8f8
11.Nf7xd6 Ke7
12.Nd6xb7 Bc8xb7
13.Nb1c3 h5
14.O-O Ra8d8
15.e5 Nf6g4
16.Be3g5 Ke8
17.Bg5xd8 Kxd8
18.Nc3e4 d5
19.Ne4d6 Bb7a8
20.f3 Ng4xe5
21.f4 Kd7
22.fxe5 Rf8e8
23.Nd6xe8 Kxe8
24.Qd1xh5 Kd7
25.Rf1f7 Ke8
26.Rf7xa7 Kd8
27.Qh5h8 1-0

[Event "Tournoi n27328"]
[Site "www.echecsemail.com"]
[Date "2026.01.05"]
[Round "1"]
[White "4x4"]
[Black "Katastrofic"]
[WhiteElo "1460"]
[BlackElo "1430"]
[Result "1-0"]
1.d4 d5
2.Ng1f3 e6
3.e3 Bf8e7
4.Nb1c3 Ng8f6
5.Bc1d2 O-O
6.Qd1e2 Bc8d7
7.O-O-O a6
8.Nf3e5 Be7d6
9.f4 h6
10.a3 Bd6xe5
11.fxe5 Nf6h7
12.g4 b5
13.b4 Nb8c6
14.Qe2f3 Nh7g5
15.Qf3f4 f6
16.h4 Ng5h7
17.Bf1d3 fxe5
18.Qf4g3 e4
19.Bd3e2 Nc6e7
20.Be2f1 Rf8f3
21.Qg3g2 Qd8f8
22.Bf1e2 Rf3f2
23.Qg2g3 a5
24.Rd1e1 axb4
25.axb4 Ra8a1
26.Nc3b1 Rf2f7
27.Bd2c3 Ra1a7
28.g5 { abandon }1-0